000 00348cam a2200133ua 4500
082 _a338.47677
_bSAR/IN
100 _aSaraswathi ., S.K .
245 _aIndian textiles /
_cSaraswathi. S.K.
_hTextual Documents
260 _a :
_bMinistry of commerce and industry ,
_c1961.
300 _a25 ; .
504 _a
942 _cBK
999 _c11985
_d11985